| 000 | 00609nam a2200169 a 4500 | ||
|---|---|---|---|
| 005 | 20240911064638.0 | ||
| 008 | 011030s1996 r 000 0 eng d | ||
| 035 | _aUPN01000113612 | ||
| 049 | _aCG | ||
| 050 | 4 |
_aLB1033.5 _bE8.6 |
|
| 245 | 0 | 0 |
_aEspecialidad en comunicación educativa : _bmódulo II : bases metodológicas de la comunicación educativa : antología (material de uso instruccional) / _cPierre Bourdieu ... [et al.] |
| 260 |
_aMéxico : _bILCE, _c1996. |
||
| 300 | _a483 p. | ||
| 650 | 4 |
_aComunicación en la educación _91520 |
|
| 700 | 1 |
_aBourdieu, Pierre, _d1930-2002 _ecoaut. |
|
| 905 | _aLibro | ||
| 999 |
_c87520 _d87520 |
||